000
00191 a2200097 4500
001
4242
100
_a
Newton,K
245
_a
Motor vehicle the
260
_a
_b
Iliffe
_c
090
_c
3459
_d
3459
942
_a
NUST-CAE
_c
M
_c
27324
999
_c
239315
_d
239315